000 00724nam a22001937a 4500
005 20100802132149.0
010 _aENG-97666
020 _a9788131722213
_c175.00
035 _aEN-81199
037 _bDBAD/PUB
082 _a155.25
100 _aBhatti, J.R
_95564
245 _aThe dynamics of personality development and projection /
_cby J.R. Bhatti
260 _aNew Delhi
_bDorling Kindersley
_c2009
270 _a14 Local Shopping Centre, Panchsheel Park
_bNew Delhi
_e110017
300 _avi, 243p.
_c19cm (pbk)
942 _2ddc
_cEN
_h155.25
_mBHA
999 _c38631
_d38631